A čo bude dnes

Bibliographic Details
Main Author: Komanická, Ivana, 1973- (Author)
Format: Article
Language:Slovak
PhysicalDescription:Fotogr.
ISSN:1336-5584
Subjects:

MARC

LEADER 00000nab a2200000 a 4500
001 vtls008295065
005 20260411220153.0
008 050822c2004 xo mr|p|||||||000 b|slo
015 |a SNBRB2005/08 
040 |a SNKBUCL  |b slo  |c SNKBUCL  |e AACR2 
041 0 |a slo 
044 |a xo  |c SK 
080 |a 1-051  |x (44)  |2 UDC-MRF-SK2 
080 |a 14  |x (44)  |2 UDC-MRF-SK2 
100 1 |a Komanická, Ivana,  |d 1973-  |4 aut  |9 182074 
245 1 0 |a A čo bude dnes  |c Ivana Komanická 
300 |b Fotogr. 
600 |a Derrida, Jacques,  |d 1930-2004  |2 SNKMA  |9 86664 
650 0 7 |a filozofické myslenie  |2 snkbucl  |9 1642 
655 7 |a články z novín a časopisov  |2 snkbucl  |9 267496 
773 0 |t Knihy a spoločnosť  |g Roč. 1, december (2004), s. 5  |x 1336-5584 
852 |a SNK 
999 |c 2118942  |d 2120872